Statistics for 2023 Top 10 NBA Shooting Guards

Click here to take the quiz!

General Stats

  • This quiz has been taken 68 times
    (21 since last reset)
  • The average score is 6 of 10

Answer Stats

RankPlayer% Correct
5Donovan Mitchell
75%
1Luka Doncic
75%
2Devin Booker
70%
8James Harden
65%
4Jaylen Brown
60%
3Shai Gilgeous-Alexander
55%
6Zach LaVine
50%
7Bradley Beal
40%
10Desmond Bane
35%
9CJ McCollum
25%

Score Distribution

Percentile by Number Answered

Percent of People with Each Score

Your Score History

You have not taken this quiz since the last reset